=LDR 00000nam 2200000 4500 =001 INLIS000000000015385 =005 20130612110650 =008 ***********************************Ind** =035 ##$$0010-061300000015385 =041 ##$$a Ind =082 ##$$a 650.14 =090 ##$$a 650.14, CON-m =100 ##$$a Conrad, Pamela J =245 ##$$a Menymbangkan Rumah Tangga dan Karir, Keterrampilan untuk Manajemen Kehidupan yang berhasil, Pamela J Conrad, Rochmulyati Hamzah =260 ##$$a 1991 $b Jakarta =300 ##$$a 85 hlm, Ilus, 21 cm =650 ##$$a Karir, Sukses =850 ##$$a NBPNMAT